HELB - BAC 1 - Composition - Statistics

General Stats
  • This quiz has been taken 38 times
    24 since last reset
  • The average score is 18 of 144
Answer Stats
Hint Answer % Correct
Date 1425
60%
Titre Annonciation
60%
Artiste Fra Angelico
60%
Artiste Gustav Klimt
60%
Artiste Le Lorrain
50%
Titre Mona Lisa
50%
Titre Paysage avec Agar et l'Ange
50%
Thème Perspective Chromatique
40%
Thème Cadre
30%
Artiste Edvard Munch
30%
Titre Le Cri
30%
Artiste Leonardo Da Vinci
30%
Thème Lumière
30%
Thème Perspective Linéaire
30%
Titre Portrait d'Adèle Bloch-Bauer
30%
Thème Vide
30%
Artiste Vincent Van Gogh
30%
Date 1330
20%
Date 1410
20%
Date 1646
20%
Date 1903
20%
Thème Déformation de la Perspective
20%
Artiste Jacque Louis David
20%
Titre La Flagellation du Christ
20%
Titre Le Lutteur
20%
Titre Les Mangeurs de Pommes de Terre
20%
Titre Musique Russe
20%
Titre Nativité
20%
Thème Perspective Hiérarchique
20%
Artiste Piero della Francesca
20%
Artiste Pieter Brueghel
20%
Thème Profondeur de l'Or
20%
Thème Temps
20%
Date 1434
10%
Date 1455
10%
Date 1510
10%
Date 1565
10%
Date 1793
10%
Date 1885
10%
Date 1890
10%
Date 1893
10%
Date 1912
10%
Date 1913
10%
Date 1934
10%
Artiste Carel Fabritius
10%
Artiste Caspar David Friedrich
10%
Thème Champ/Hors-Champ
10%
Titre Des Glaneuses
10%
Artiste Egon Schiele
10%
Artiste El Greco
10%
Artiste Ernst Ludwig Kirchner
10%
Titre Femme sur la Digue
10%
Artiste Gaspard Caillebotte
10%
Artiste Giacomo Balla
10%
Artiste Il Duccio
10%
Artiste James Ensor
10%
Artiste Jean-François Millet
10%
Titre L'Empire des Lumières
10%
Artiste Léon Spilliaert
10%
Titre Les Chasseurs dans la neige
10%
Titre Nature Morte
10%
Artiste Paul Cézanne
10%
Thème Profondeur du Flou
10%
Thème Quatrième Mur
10%
Artiste René Magritte
10%
Titre Rue de Paris, Temps de Pluie
10%
Artiste Simone Martini
10%
Thème Structure
10%
Titre Tombe de Nakht
10%
Artiste Van Eyck
10%
Date 1309
0%
Date 1460
0%
Date 1580
0%
Date 1652
0%
Date 1656
0%
Date 1809
0%
Date 1857
0%
Date 1872
0%
Date 1877
0%
Date 1881
0%
Date 1908
0%
Date 1914
0%
Date 1945 - 1970
0%
Date 1949
0%
Date 1958
0%
Date 1962
0%
Date 1963
0%
Date 1983
0%
Date 2000
0%
Date 2001
0%
Artiste Andrea Mantega
0%
Titre Chanson du Deuxième Étage
0%
Artiste Diego Velasquez
0%
Titre Dynamique d'un Chien en Laisse
0%
Titre Enterrement du Comte d'Orgaz
0%
Artiste Henri Fantin-Latour
0%
Thème Hors-Champ
0%
Réal. Jacques Audiard
0%
Réal. Joseph Loosey
0%
Titre La Femme à la Cafetière
0%
Titre L'Argent
0%
Titre Le Christ Mort
0%
Titre L'Éclipse
0%
Titre Les Ménines
0%
Thème Longueur des Plans
0%
Titre Marat Assassiné
0%
Artiste Maurits Escher
0%
Réal. Michelangelo Antonioni
0%
Titre Moine face à la mer
0%
Titre Montées et Descentes
0%
Réal. Orson Welles
0%
Artiste pas d'artiste
0%
Thème Plongée / Contre-Plongée
0%
Titre Portrait des époux Arnolfini
0%
Thème Profondeur de Champ
0%
Réal. Robert Bresson
0%
Réal. Roy Andersson
0%
Titre Sur mes lèvres
0%
Titre The Servant
0%
Titre Touch of Evil
0%
Titre Tramway et Chemin de Fer
0%
Titre Vue de Delft avec Echoppe
0%
No matching quizzes found
Score Distribution
Percent of People with Each Score
Percentile by Number Answered
Your Score History
You have not taken this quiz since the last reset